[Event "PRO League Group Stage"]
[Site "chess.com INT"]
[Date "2019.01.16"]
[Round "2"]
[White "Erenburg, Sergey"]
[Black "Moranda, Wojciech"]
[Result "1/2-1/2"]
[WhiteTitle "GM"]
[BlackTitle "GM"]
[WhiteElo "2589"]
[BlackElo "2593"]
[WhiteTeam "Pittsburgh Pawngrabbers"]
[BlackTeam "New York Marshalls"]
[WhiteFideId "2805642"]
[BlackFideId "1122401"]
[EventDate "2019.01.08"]

1. e4 c5 2. Nf3 d6 3. d4 cxd4 4. Nxd4 Nf6 5. Nc3 a6 6. Be3 e6 7. f3 h5 8. Qd2
Be7 9. Be2 Bd7 10. a4 Nc6 11. Nb3 b6 12. O-O Qc7 13. Rfd1 Ne5 14. Qd4 O-O 15.
Qxb6 Qxb6 16. Bxb6 Rfc8 17. a5 Nc4 18. Bxc4 Rxc4 19. Rd4 Rcc8 20. Rad1 Be8 21.
R4d2 Rab8 22. Bf2 Rb4 23. Bg3 d5 24. exd5 Nxd5 25. Nxd5 exd5 26. Re1 Bf6 27. Be5
Ba4 28. Bxf6 gxf6 29. Re3 Rbc4 30. Nd4 Bxc2 31. b3 R4c7 32. Nxc2 Rxc2 33. Red3
Rxd2 34. Rxd2 Rc5 35. b4 Rb5 36. Rd4 Kg7 37. Kf2 f5 38. Ke3 Kf6 39. Kd3 Ke5 40.
g3 Rb8 41. Rh4 f6 42. Rd4 Rc8 43. Rh4 Rb8 44. Rf4 Rc8 45. Rh4 Rb8 46. Rd4 Rc8
47. f4+ Kd6 48. Kd2 Re8 49. Rd3 Re4 50. Kc3 Kc6 51. Kb3 Rc4 52. Re3 Kb5 53. Re6
Rxb4+ 54. Kc3 Rc4+ 55. Kd3 Kxa5 56. Rxf6 Rc5 57. Rxf5 Kb4 58. Rxh5 a5 59. Rh8 a4
60. Rb8+ Rb5 61. Ra8 a3 62. f5 Ra5 63. Rxa5 Kxa5 64. f6 a2 65. f7 a1=Q 66. f8=Q
Qd1+ 67. Ke3 Qb3+ 68. Kf4 Qc4+ 69. Kg5 d4 70. Qa3+ Kb5 71. Kf4 Qe2 72. Qb3+ Kc5
73. Qa3+ Kb5 74. h4 d3 75. Qb3+ Kc5 76. Qc3+ Kb5 77. Qb3+ Kc5 78. Qc3+ Kb5 79.
Qb3+ Kc5 80. Qc3+ Kb5 81. Qb3+ Kc5 82. Qc3+ 1/2-1/2

[Event "PRO League Group Stage"]
[Site "chess.com INT"]
[Date "2019.01.16"]
[Round "2"]
[White "Liang, Awonder"]
[Black "Azarov, Sergei"]
[Result "1-0"]
[WhiteTitle "GM"]
[BlackTitle "GM"]
[WhiteElo "2589"]
[BlackElo "2575"]
[WhiteTeam "Pittsburgh Pawngrabbers"]
[BlackTeam "New York Marshalls"]
[WhiteFideId "2056437"]
[BlackFideId "13501470"]
[EventDate "2019.01.08"]

1. e4 e5 2. Nf3 Nc6 3. Bb5 a6 4. Ba4 Nf6 5. O-O Be7 6. Re1 b5 7. Bb3 d6 8. c3
O-O 9. h3 Bb7 10. d4 Re8 11. Ng5 Rf8 12. Nf3 Re8 13. Nbd2 Bf8 14. a3 h6 15. Ba2
Nb8 16. Qc2 Nbd7 17. b4 c5 18. Bb2 exd4 19. cxd4 c4 20. e5 Nd5 21. Bb1 g6 22. e6
Nf4 23. exd7 Rxe1+ 24. Nxe1 Bg7 25. Ne4 Qxd7 26. d5 f5 27. Nf6+ Bxf6 28. Bxf6
Qf7 29. Bc3 Qxd5 30. Qd2 Re8 31. Nf3 Ne2+ 32. Kh2 Qxd2 33. Bxd2 Bxf3 34. gxf3
Nd4 35. Kg2 Nb3 36. Ra2 Nxd2 37. Rxd2 Re1 38. Bc2 Rc1 39. Bd1 Kf7 40. Rxd6 Ke7
41. Rd5 Ra1 42. f4 Rxa3 43. Rc5 Kd6 44. Bf3 Ra4 45. Rc6+ Kd7 46. Rxg6 Rxb4 47.
Rxa6 c3 48. Rc6 Rb3 49. Rc5 b4 50. Bd1 Rb2 51. Kf3 Kd6 52. Rc8 Kd7 53. Rc4 Kd6
54. Ke3 Ra2 55. Bb3 Rb2 56. Ba4 Rb1 57. Bc2 Rb2 58. Bxf5 Kd5 59. Rc8 Rb3 60. Bc2
Ra3 61. Bd3 Ra1 62. Rd8+ Kc5 63. Rc8+ Kd5 64. Be4+ Kd6 65. f5 Re1+ 66. Kd4 Rd1+
67. Bd3 Ke7 68. Rc4 Kf6 69. f4 Ke7 70. Ke3 Re1+ 71. Kf2 Rd1 72. Ke2 Rd2+ 73. Ke3
Rb2 74. Rc6 Rh2 75. f6+ Kd7 76. f7 Rxh3+ 77. Ke4 Ke7 78. Rc7+ Kf8 79. Bc4 1-0

[Event "PRO League Group Stage"]
[Site "chess.com INT"]
[Date "2019.01.16"]
[Round "2"]
[White "Khamrakulov, Djurabek"]
[Black "Le, Tuan Minh"]
[Result "1-0"]
[WhiteTitle "GM"]
[BlackTitle "IM"]
[WhiteElo "2503"]
[BlackElo "2515"]
[WhiteTeam "New York Marshalls"]
[BlackTeam "Pittsburgh Pawngrabbers"]
[WhiteFideId "14201143"]
[BlackFideId "12401153"]
[EventDate "2019.01.08"]

1. e4 c5 2. c3 Nf6 3. e5 Nd5 4. Nf3 e6 5. d4 cxd4 6. cxd4 d6 7. Bc4 Nb6 8. Bd3
Nc6 9. O-O Be7 10. Nc3 O-O 11. Qe2 dxe5 12. dxe5 Nb4 13. Be4 N4d5 14. Rd1 Bd7
15. Nxd5 Nxd5 16. Bxd5 exd5 17. Rxd5 Qc8 18. Bg5 Bxg5 19. Nxg5 Bc6 20. Qe4 g6
21. Qh4 h5 22. Rd2 Qf5 23. Re1 Rae8 24. Rde2 f6 25. Qc4+ Kg7 26. exf6+ Rxf6 27.
h4 Kh6 28. Qd4 Rxe2 29. Rxe2 Qb1+ 30. Kh2 Qf1 31. f3 Qxe2 32. Qxf6 Qe8 33. Ne6
Qg8 34. g4 hxg4 35. fxg4 a5 36. g5+ Kh5 37. Kg3 1-0

[Event "PRO League Group Stage"]
[Site "chess.com INT"]
[Date "2019.01.16"]
[Round "2"]
[White "Jacobson, Aaron"]
[Black "Yu, Jennifer"]
[Result "1/2-1/2"]
[WhiteTitle "FM"]
[BlackTitle "FM"]
[WhiteElo "2286"]
[BlackElo "2313"]
[WhiteTeam "New York Marshalls"]
[BlackTeam "Pittsburgh Pawngrabbers"]
[WhiteFideId "2089912"]
[BlackFideId "2078341"]
[EventDate "2019.01.08"]

1. e4 e6 2. d4 d5 3. Nc3 Nf6 4. e5 Nfd7 5. Nce2 c5 6. c3 Nc6 7. f4 b6 8. Nf3 a5
9. g3 Ba6 10. Bh3 g6 11. O-O h5 12. Rf2 Ne7 13. f5 Nxf5 14. Bg5 Be7 15. Bxe7
Qxe7 16. Bxf5 gxf5 17. Nf4 O-O-O 18. Nh4 Rdg8 19. Kh1 Rg4 20. Qf3 Kb8 21. Qe3
Rgg8 22. a3 Bc4 23. Qf3 cxd4 24. cxd4 a4 25. Qe3 Rc8 26. Rc1 Kb7 27. Rfc2 b5 28.
Qf3 Qg5 29. Qe3 Qg4 30. Qe1 Nb6 31. Qb4 Rc7 32. Qd2 Rhc8 33. Qe3 Kb8 34. Qd2 Kb7
35. Qe3 Nd7 36. Qe1 Nb6 37. Qe3 1/2-1/2

[Event "PRO League Group Stage"]
[Site "chess.com INT"]
[Date "2019.01.16"]
[Round "2"]
[White "Eljanov, Pavel"]
[Black "Saric, Ivan"]
[Result "0-1"]
[WhiteTitle "GM"]
[BlackTitle "GM"]
[WhiteElo "2680"]
[BlackElo "2690"]
[WhiteTeam "Miami Champions"]
[BlackTeam "Montreal Chessbrahs"]
[WhiteFideId "14102951"]
[BlackFideId "14508150"]
[EventDate "2019.01.08"]

1. d4 Nf6 2. Nf3 d5 3. Bf4 c5 4. e3 Nc6 5. c3 cxd4 6. exd4 Bf5 7. Qb3 Na5 8.
Qa4+ Bd7 9. Qc2 Rc8 10. Nbd2 g6 11. Bd3 Bg7 12. O-O O-O 13. Ne5 Nc6 14. Nxc6
Bxc6 15. Be5 Nh5 16. Bxg7 Kxg7 17. Rfe1 e6 18. Nf3 Nf6 19. Ne5 Nd7 20. f4 Nxe5
21. fxe5 f5 22. exf6+ Qxf6 23. Qd2 Bd7 24. Rf1 Qe7 25. Qe3 Rxf1+ 26. Rxf1 Rf8
27. Qe5+ Kg8 28. Rxf8+ Qxf8 29. h4 Qe7 30. g3 Be8 31. Kg2 b6 32. Kf3 h6 33. b3
Bf7 34. b4 Qd8 35. Ke3 g5 36. h5 Bxh5 37. Qxe6+ Kg7 38. Qf5 Qe7+ 39. Kd2 Qf6 40.
Qxd5 Qf2+ 41. Kc1 Qe3+ 42. Kc2 Bd1+ 43. Kxd1 Qxd3+ 44. Ke1 Qxg3+ 45. Kd2 Qf4+
46. Kd3 g4 47. Qd7+ Kg6 48. Qe6+ Kg5 49. d5 Qf3+ 50. Kd2 Qf2+ 51. Kd3 Qf5+ 52.
Qxf5+ Kxf5 53. c4 Ke5 54. Ke3 h5 55. Kf2 h4 56. Kg2 b5 57. c5 Kxd5 58. a3 Ke5
59. Kg1 Kf5 60. Kf2 g3+ 61. Kf3 a6 62. Ke2 h3 63. Kf3 h2 64. Kg2 Ke5 65. Kh1 Ke4
66. Kg2 Ke3 0-1

[Event "PRO League Group Stage"]
[Site "chess.com INT"]
[Date "2019.01.16"]
[Round "2"]
[White "Fernandez, Daniel"]
[Black "Van Kampen, Robin"]
[Result "1-0"]
[WhiteTitle "IM"]
[BlackTitle "GM"]
[WhiteElo "2482"]
[BlackElo "2658"]
[WhiteTeam "Miami Champions"]
[BlackTeam "Montreal Chessbrahs"]
[WhiteFideId "2015390"]
[BlackFideId "1020854"]
[EventDate "2019.01.08"]

1. e4 c5 2. Nf3 e6 3. d4 cxd4 4. Nxd4 a6 5. Nc3 Qc7 6. Qf3 b5 7. Bf4 d6 8. O-O-O
Bb7 9. Bxb5+ axb5 10. Ndxb5 Qb6 11. Bxd6 Na6 12. Bxf8 Kxf8 13. Rd7 Nf6 14. Nd6
Kg8 15. Rd1 Nc5 16. Rxf7 Rd8 17. Qg3 Nh5 18. Qe5 Rxd6 19. Rxd6 Qa5 20. Rxb7 Nxb7
21. Qxa5 1-0

[Event "PRO League Group Stage"]
[Site "chess.com INT"]
[Date "2019.01.16"]
[Round "2"]
[White "Hansen, Eric"]
[Black "Katz, Alexander"]
[Result "1-0"]
[WhiteTitle "GM"]
[BlackTitle "IM"]
[WhiteElo "2615"]
[BlackElo "2433"]
[WhiteTeam "Montreal Chessbrahs"]
[BlackTeam "Miami Champions"]
[WhiteFideId "2606771"]
[BlackFideId "2039796"]
[EventDate "2019.01.08"]

1. e4 e5 2. Nf3 Nf6 3. Nxe5 d6 4. Nf3 Nxe4 5. Nc3 Nxc3 6. dxc3 Be7 7. Be3 Be6 8.
Qd2 Nc6 9. Ng5 Bxg5 10. Bxg5 Qd7 11. O-O-O f6 12. Be3 O-O-O 13. b3 Kb8 14. Kb2
Rhe8 15. f3 Bf5 16. Bf2 Re7 17. Be2 Rde8 18. Rhe1 Bg6 19. Bf1 h5 20. h4 Re5 21.
Bg3 Rxe1 22. Bxe1 Re7 23. Bf2 Qe8 24. a4 Re5 25. Bg3 Re7 26. Bb5 a6 27. Bf1 Bh7
28. Bf2 Bg8 29. c4 Rd7 30. Re1 Re7 31. Rd1 Rd7 32. Bd3 d5 33. Re1 Re7 34. cxd5
Bxd5 35. Rd1 Bf7 36. Be4 Na7 37. Qb4 c6 38. Qd6+ Ka8 39. Qd8+ Nc8 40. Bf5 Bd5
41. Qxc8+ Qxc8 42. Bxc8 Re2 43. Rf1 g6 44. Bh3 f5 45. Kc3 Kb8 46. Bg3+ Kc8 47.
Re1 1-0

[Event "PRO League Group Stage"]
[Site "chess.com INT"]
[Date "2019.01.16"]
[Round "2"]
[White "Kurtz, Eric M"]
[Black "Wang, Tianqi"]
[Result "0-1"]
[WhiteElo "1868"]
[BlackElo "2329"]
[WhiteTeam "Montreal Chessbrahs"]
[BlackTeam "Miami Champions"]
[WhiteFideId "30939763"]
[BlackFideId "2063824"]
[EventDate "2019.01.08"]

1. c4 Nf6 2. g3 e6 3. Bg2 c5 4. Nf3 Qc7 5. O-O a6 6. b3 d6 7. Bb2 Be7 8. d4 cxd4
9. Nxd4 O-O 10. Nc3 Nc6 11. Rc1 Nxd4 12. Qxd4 Bd7 13. Rfd1 Rfd8 14. h3 Be8 15.
Qe3 Rac8 16. Qa7 Rb8 17. Kh2 Nd7 18. Ne4 Bf8 19. Ba3 Ne5 20. Qe3 Qa5 21. Bxd6
Bxd6 22. Nxd6 Nc6 23. Qd2 Qa3 24. c5 Ne7 25. Qc2 Bc6 26. e4 Ng6 27. f4 h6 28.
Qf2 Nf8 29. f5 exf5 30. Qxf5 Rd7 31. Rf1 f6 32. Rc2 Re7 33. Qg4 Bd7 34. Qd1 Be6
35. Qc1 Qa5 36. Qb2 Ng6 37. b4 Qc7 38. Rd1 Ne5 39. a3 Rd8 40. Rcd2 Red7 41. Nf5
Kh7 42. Rxd7 Rxd7 43. Rxd7 Qxd7 44. Nd6 Qc6 45. Qc2 b6 46. Kg1 bxc5 47. Qxc5 Qd7
48. g4 Qa4 49. b5 Qd1+ 50. Kh2 axb5 51. Nxb5 Qd2 52. Qc3 Qf2 53. Qg3 Qc5 54. a4
Qb4 55. Qa3 Qd2 56. Qc3 Qa2 57. Qa3 Qf2 58. Qg3 Qc5 59. Qa3 Qc2 60. Nd4 Qc7 61.
Kg1 Qb6 62. Qe3 Qb1+ 63. Kh2 Bxg4 64. a5 Bc8 65. Nf5 Qb8 66. Kg1 Nc4 67. Qg3
Qa7+ 68. Kh2 Nxa5 69. h4 Nc4 70. h5 Bxf5 71. exf5 Ne5 72. Qf4 Qf7 73. Qh4 Qa2
74. Qg3 Qe2 75. Qh3 Ng4+ 76. Kg3 Ne3 77. Kh2 Qf2 78. Qg3 Nf1+ 0-1

[Event "PRO League Group Stage"]
[Site "chess.com INT"]
[Date "2019.01.16"]
[Round "2"]
[White "Preotu, Razvan"]
[Black "Mikhalevski, Victor"]
[Result "1-0"]
[WhiteTitle "GM"]
[BlackTitle "GM"]
[WhiteElo "2524"]
[BlackElo "2581"]
[WhiteTeam "Dallas Destiny"]
[BlackTeam "Seattle Sluggers"]
[WhiteFideId "2613280"]
[BlackFideId "2801914"]
[EventDate "2019.01.08"]

1. e4 e5 2. Nf3 Nc6 3. Bb5 a6 4. Ba4 Nf6 5. O-O Nxe4 6. d4 Be7 7. Re1 b5 8. Rxe4
d5 9. Nxe5 Nxe5 10. Rxe5 bxa4 11. Nc3 O-O 12. Qh5 Bd6 13. Re1 c6 14. Nxa4 Qa5
15. Nc3 Rb8 16. Re2 Ba3 17. Nd1 Bd6 18. Bd2 Qc7 19. h3 a5 20. b3 a4 21. Nc3 Ba6
22. Ree1 a3 23. Na4 Qa7 24. Be3 Rbe8 25. Nc5 Bc8 26. c4 Bxc5 27. dxc5 dxc4 28.
bxc4 Re4 29. Rad1 Rfe8 30. Bd2 Rxe1+ 31. Rxe1 Rxe1+ 32. Bxe1 Be6 33. Qe5 h6 34.
Bc3 Kf8 35. Qxg7+ Ke8 36. Qh8+ Kd7 37. Qd4+ Kc8 38. Qd6 Qa4 39. Be5 1-0

[Event "PRO League Group Stage"]
[Site "chess.com INT"]
[Date "2019.01.16"]
[Round "2"]
[White "Feng, Roland"]
[Black "Holt, Conrad"]
[Result "0-1"]
[WhiteTitle "FM"]
[BlackTitle "GM"]
[WhiteElo "2334"]
[BlackElo "2548"]
[WhiteTeam "Seattle Sluggers"]
[BlackTeam "Dallas Destiny"]
[WhiteFideId "2060086"]
[BlackFideId "2034387"]
[EventDate "2019.01.08"]

1. d4 d5 2. c4 c6 3. cxd5 cxd5 4. Nf3 Nf6 5. Nc3 Nc6 6. Bf4 Nh5 7. Bd2 e6 8. e3
Bd6 9. Ne5 g6 10. Nxc6 bxc6 11. Be2 Nf6 12. O-O O-O 13. Bd3 e5 14. dxe5 Bxe5 15.
e4 dxe4 16. Bc2 Bg4 17. Qe1 Re8 18. Bg5 Qb8 19. Bxf6 Bxf6 20. Nxe4 Be5 21. h3
Bf5 22. Kh1 Qxb2 23. Rc1 Bf4 24. f3 Bxc1 25. Qxc1 Qxc1 26. Rxc1 Bxe4 27. Bxe4
Rac8 28. Rc5 Kg7 29. Kh2 Kf6 30. Kg3 Re5 31. Rc4 c5 32. h4 Rc7 33. Kf4 h6 34. g4
g5+ 35. hxg5+ hxg5+ 36. Ke3 Re6 37. f4 Rce7 38. Kf3 Rxe4 39. Rxe4 Rxe4 40. Kxe4
gxf4 41. Kxf4 Kg6 42. a4 c4 43. a5 c3 44. Ke3 Kg5 45. Kd3 Kxg4 46. Kxc3 f5 47.
Kb4 f4 48. Kb5 f3 49. Ka6 f2 50. Kxa7 f1=Q 51. a6 Qb5 0-1

[Event "PRO League Group Stage"]
[Site "chess.com INT"]
[Date "2019.01.16"]
[Round "2"]
[White "Irgaliyev, Alikhan"]
[Black "Xiong, Jeffery"]
[Result "0-1"]
[BlackTitle "GM"]
[WhiteElo "2191"]
[BlackElo "2672"]
[WhiteTeam "Seattle Sluggers"]
[BlackTeam "Dallas Destiny"]
[WhiteFideId "13705610"]
[BlackFideId "2047640"]
[EventDate "2019.01.08"]

1. d4 Nf6 2. Bg5 c5 3. d5 d6 4. Nc3 h6 5. Bd2 b5 6. Nxb5 Nxd5 7. Nc3 Nb6 8. e4
g6 9. Nf3 Bg7 10. a4 O-O 11. a5 N6d7 12. Bc4 a6 13. Bd5 Ra7 14. O-O Bb7 15. Re1
Nc6 16. Ne2 Nce5 17. Nxe5 Nxe5 18. Bc3 e6 19. Bxb7 Rxb7 20. b3 d5 21. exd5 exd5
22. Ra4 d4 23. Bb2 Re8 24. Ba3 d3 25. cxd3 Nxd3 26. Rf1 Rd7 27. Qc2 Nxf2 28.
Rxf2 Rd1+ 29. Rf1 Rd2 30. Qc4 Rexe2 31. Qxf7+ Kh7 32. Rg4 Qd4+ 0-1

[Event "PRO League Group Stage"]
[Site "chess.com INT"]
[Date "2019.01.16"]
[Round "2"]
[White "Ravuri, Vinesh"]
[Black "Corrales Jimenez, Fidel"]
[Result "1-0"]
[BlackTitle "GM"]
[WhiteElo "2042"]
[BlackElo "2559"]
[WhiteTeam "San Jose Hackers"]
[BlackTeam "Minnesota Blizzard"]
[WhiteFideId "45042632"]
[BlackFideId "3506690"]
[EventDate "2019.01.08"]

1. d4 Nf6 2. Bf4 c5 3. dxc5 Nc6 4. Nf3 Qa5+ 5. Nc3 Ne4 6. Bd2 Nxd2 7. Qxd2 Qxc5
8. e4 Qa5 9. a3 g6 10. Bc4 Bg7 11. O-O O-O 12. h3 d6 13. Qe3 Bd7 14. Rad1 Rac8
15. Bb3 Bxc3 16. bxc3 Ne5 17. Nxe5 Qxe5 18. Rd4 Qa5 19. e5 Rxc3 20. Qd2 Bb5 21.
Rd5 a6 22. a4 e6 23. axb5 exd5 24. exd6 Qb4 25. Bxd5 Rc4 26. Qg5 Qxb5 27. d7 Qa5
28. Bxf7+ Rxf7 29. Qxa5 Rxd7 30. Qa2 Rc7 31. Rb1 Kf8 32. Rxb7 Rxc2 33. Qa3+ Kg7
34. Rxc7+ Rxc7 35. Qxa6 Rf7 36. Qa1+ Kg8 37. Qd4 h5 38. Qd3 Kg7 39. g3 Kh7 40.
h4 Kg7 41. Kg2 Kh7 42. Qd4 Rf5 43. Qd7+ Kh6 44. Qe6 Kg7 45. f4 Rf6 46. Qe5 Kf7
47. Kf3 Rf5 48. Qc7+ Kf6 49. Qd6+ Kf7 50. g4 hxg4+ 51. Kxg4 Rh5 52. Qd7+ Kg8 53.
Qe6+ Kg7 54. Qe7+ Kg8 55. Qf6 Kh7 56. Qf7+ Kh6 57. Qg8 1-0

[Event "PRO League Group Stage"]
[Site "chess.com INT"]
[Date "2019.01.16"]
[Round "2"]
[White "Yoo, Christopher Woojin"]
[Black "Tang, Andrew"]
[Result "1-0"]
[WhiteTitle "FM"]
[BlackTitle "GM"]
[WhiteElo "2388"]
[BlackElo "2487"]
[WhiteTeam "San Jose Hackers"]
[BlackTeam "Minnesota Blizzard"]
[WhiteFideId "30909694"]
[BlackFideId "2059630"]
[EventDate "2019.01.08"]

1. e4 e5 2. Nf3 Nc6 3. Bb5 a6 4. Ba4 Nf6 5. O-O d6 6. d4 b5 7. Bb3 Nxd4 8. Nxd4
exd4 9. c3 dxc3 10. Nxc3 Be7 11. a4 Bd7 12. Qd3 O-O 13. axb5 axb5 14. Rxa8 Qxa8
15. Bg5 h6 16. Bh4 Qe8 17. Rd1 Bc6 18. Bc2 g6 19. f3 Nd7 20. Bf2 Bf6 21. Nxb5
Qb8 22. Nd4 Ba8 23. b3 Re8 24. Qd2 Kh7 25. Be3 Bg7 26. Ne2 Qd8 27. Nf4 Bb7 28.
b4 Ne5 29. Bb3 Ba6 30. Rc1 Bb5 31. Kh1 Qd7 32. Nd5 c6 33. Nb6 Qe7 34. Nc4 Nxc4
35. Bxc4 Bxc4 36. Rxc4 d5 37. Rxc6 dxe4 38. f4 Rd8 39. Qe1 Rd3 40. Rc1 Qd7 41.
Bg1 Qd5 42. b5 f5 43. b6 Rb3 44. Rb1 Qb5 45. Rxb3 Qxb3 46. h4 h5 47. Qd2 Kh6 48.
Bf2 Bf6 49. Qd6 Bg7 50. Kh2 Qb2 51. Be3 Qb3 52. Bd4 Qd3 53. Bxg7+ Kxg7 54. Qe7+
Kh6 55. b7 Qe3 56. Qg5+ Kh7 57. b8=Q 1-0

[Event "PRO League Group Stage"]
[Site "chess.com INT"]
[Date "2019.01.16"]
[Round "2"]
[White "Beerdsen, Thomas"]
[Black "Izoria, Zviad"]
[Result "1-0"]
[WhiteTitle "IM"]
[BlackTitle "GM"]
[WhiteElo "2484"]
[BlackElo "2603"]
[WhiteTeam "Minnesota Blizzard"]
[BlackTeam "San Jose Hackers"]
[WhiteFideId "1030108"]
[BlackFideId "13601733"]
[EventDate "2019.01.08"]

1. e4 c6 2. d4 d5 3. f3 Qb6 4. Nc3 dxe4 5. fxe4 e5 6. Nf3 exd4 7. Nxd4 Nf6 8. e5
Ng4 9. e6 Bxe6 10. Bc4 h5 11. Bxe6 fxe6 12. Qd3 Ne5 13. Qe4 Nbd7 14. Nxe6 Kf7
15. Qf5+ Kg8 16. Bd2 g6 17. Qh3 Re8 18. O-O-O Rh7 19. Nxf8 Rxf8 20. Ne4 Ng4 21.
Bc3 Re7 22. Rhe1 Rfe8 23. Qd3 Nde5 24. Qg3 Nd7 25. Qd6 Nf8 26. Nf6+ 1-0

[Event "PRO League Group Stage"]
[Site "chess.com INT"]
[Date "2019.01.16"]
[Round "2"]
[White "Mitkov, Nikola"]
[Black "Mamedov, Rauf"]
[Result "0-1"]
[WhiteTitle "GM"]
[BlackTitle "GM"]
[WhiteElo "2477"]
[BlackElo "2703"]
[WhiteTeam "Minnesota Blizzard"]
[BlackTeam "San Jose Hackers"]
[WhiteFideId "15000290"]
[BlackFideId "13401653"]
[EventDate "2019.01.08"]

1. e4 c5 2. Nc3 Nc6 3. Bb5 Nd4 4. Nf3 a6 5. Bd3 Nc6 6. O-O g6 7. e5 Bg7 8. Re1
Nh6 9. Be4 O-O 10. d3 d6 11. Bxc6 bxc6 12. Bf4 Nf5 13. Qd2 Nd4 14. Nxd4 cxd4 15.
Na4 c5 16. exd6 exd6 17. b3 Be6 18. Bh6 Re8 19. Bxg7 Kxg7 20. Qf4 Qc7 21. h4 h6
22. Nb2 Bd5 23. Nc4 Bxc4 24. dxc4 Re7 25. Re4 Rae8 26. Rae1 Re5 27. g3 f5 28.
Rxe5 dxe5 29. Qd2 e4 30. Qf4 Qxf4 31. gxf4 g5 32. hxg5 hxg5 33. fxg5 Kg6 34. Kf1
f4 35. Ke2 f3+ 36. Kd2 Kxg5 37. Rh1 e3+ 38. Ke1 Kg4 39. Rh6 exf2+ 40. Kxf2 Re2+
41. Kf1 Rxc2 42. Rxa6 d3 43. Rg6+ Kf5 44. Rc6 d2 45. Rxc5+ Ke4 46. Rd5 Rc1+ 47.
Kf2 d1=Q 0-1

[Event "PRO League Group Stage"]
[Site "chess.com INT"]
[Date "2019.01.16"]
[Round "2"]
[White "Mikhalevski, Victor"]
[Black "Zhu, Jiner"]
[Result "1-0"]
[WhiteTitle "GM"]
[BlackTitle "WIM"]
[WhiteElo "2581"]
[BlackElo "2424"]
[WhiteTeam "Seattle Sluggers"]
[BlackTeam "Dallas Destiny"]
[WhiteFideId "2801914"]
[BlackFideId "8608059"]
[EventDate "2019.01.08"]

1. Nf3 Nf6 2. g3 e6 3. Bg2 d5 4. O-O b5 5. d3 Bb7 6. c4 bxc4 7. dxc4 Be7 8. cxd5
exd5 9. Nd4 Qd7 10. Qc2 Ne4 11. Nc3 Nxc3 12. bxc3 O-O 13. Rb1 c5 14. Qf5 Rd8 15.
Qxd7 Rxd7 16. Rxb7 Rxb7 17. Bxd5 Rd7 18. Nf5 Bf6 19. Bxa8 Bxc3 20. Bf4 Na6 21.
a3 g6 22. Bc6 Rd8 23. Ne7+ Kf8 24. Nd5 Bg7 25. Bb7 Rd7 26. Bxa6 Rxd5 27. Rb1 Rd7
28. Rb8+ Ke7 29. Kg2 Bd4 30. Bb5 Rd5 31. Re8+ Kf6 32. Bc6 Rf5 33. Be4 Rh5 34.
Bf3 Rf5 35. e4 1-0

[Event "PRO League Group Stage"]
[Site "chess.com INT"]
[Date "2019.01.16"]
[Round "2"]
[White "Xiong, Jeffery"]
[Black "Feng, Roland"]
[Result "1-0"]
[WhiteTitle "GM"]
[BlackTitle "FM"]
[WhiteElo "2672"]
[BlackElo "2334"]
[WhiteTeam "Dallas Destiny"]
[BlackTeam "Seattle Sluggers"]
[WhiteFideId "2047640"]
[BlackFideId "2060086"]
[EventDate "2019.01.08"]

1. e4 e6 2. d4 d5 3. exd5 exd5 4. Nf3 Nf6 5. Bd3 Be7 6. O-O O-O 7. Re1 Bg4 8.
Bg5 Nbd7 9. Nbd2 c6 10. c3 Bd6 11. Qc2 Qc7 12. h3 Bh5 13. Nh4 Rfe8 14. Nf5 Bh2+
15. Kf1 Bf4 16. Bxf4 Qxf4 17. g3 Qc7 18. Kg2 Nf8 19. Nf3 Bxf3+ 20. Kxf3 g6 21.
Nh4 Ne6 22. Kg2 Ng5 23. Qd2 Nge4 24. Qh6 Re7 25. Re2 Rae8 26. Rae1 Kh8 27. Nf3
Ng8 28. Qh4 f5 29. Ne5 Kg7 30. Qf4 Ngf6 31. g4 Rf8 32. Qh2 Ree8 33. f3 Ng5 34.
gxf5 Nh5 35. h4 Nf7 36. Kh1 Nh6 37. fxg6 Nf4 38. gxh7 Nxe2 39. Qg2+ Kf6 40. Qg5+
Ke6 41. Rxe2 Kd6 42. Qxh6+ 1-0

[Event "PRO League Group Stage"]
[Site "chess.com INT"]
[Date "2019.01.16"]
[Round "2"]
[White "Holt, Conrad"]
[Black "Irgaliyev, Alikhan"]
[Result "1-0"]
[WhiteTitle "GM"]
[WhiteElo "2548"]
[BlackElo "2191"]
[WhiteTeam "Dallas Destiny"]
[BlackTeam "Seattle Sluggers"]
[WhiteFideId "2034387"]
[BlackFideId "13705610"]
[EventDate "2019.01.08"]

1. d4 Nf6 2. c4 e6 3. Nf3 Bb4+ 4. Nbd2 d5 5. a3 Be7 6. e3 O-O 7. Bd3 c5 8. dxc5
dxc4 9. Nxc4 Bxc5 10. O-O Nc6 11. b4 Be7 12. Bb2 Qd5 13. e4 Qh5 14. Nfe5 Qxd1
15. Rfxd1 Nxe5 16. Nxe5 Bd7 17. Nxd7 Nxd7 18. Ba6 bxa6 19. Rxd7 Bf6 20. e5 Rfd8
21. Rc7 Bg5 22. Rf1 Rdc8 23. Rxc8+ Rxc8 24. Bd4 Rc7 25. Rd1 Rd7 26. Kf1 Bf4 27.
Ke2 Rd5 28. Bxa7 Rxd1 29. Kxd1 Bxe5 30. Bc5 Bc7 31. a4 f5 32. a5 Bxh2 33. g3 f4
34. Bd6 fxg3 35. Bxg3 1-0

[Event "PRO League Group Stage"]
[Site "chess.com INT"]
[Date "2019.01.16"]
[Round "2"]
[White "Ezra, Paul Chambers"]
[Black "Sarana, Alexey"]
[Result "0-1"]
[WhiteTitle "FM"]
[BlackTitle "GM"]
[WhiteElo "2360"]
[BlackElo "2630"]
[WhiteTeam "San Francisco Mechanics"]
[BlackTeam "Australia Kangaroos"]
[WhiteFideId "20300204"]
[BlackFideId "24133795"]
[EventDate "2019.01.08"]

1. e4 c5 2. Nc3 d6 3. Nf3 Nf6 4. e5 dxe5 5. Nxe5 a6 6. g3 Qd6 7. Qe2 Nc6 8. Nc4
Qc7 9. Ne3 Nd4 10. Qd1 g6 11. Bg2 Bg7 12. O-O O-O 13. d3 Be6 14. Ne4 Rad8 15. c3
Nxe4 16. Bxe4 Nc6 17. Qe2 f5 18. Bg2 Bf7 19. Nc2 e5 20. Be3 Ne7 21. b4 cxb4 22.
cxb4 Nd5 23. Rac1 Qd7 24. Bc5 Rfe8 25. Ne3 Nxe3 26. Qxe3 Bxa2 27. Bb6 Rc8 28.
Rc5 Rxc5 29. bxc5 Bd5 30. Rb1 Bxg2 31. Kxg2 Qd5+ 32. Qf3 Qxf3+ 33. Kxf3 Re7 34.
g4 Kf7 35. gxf5 gxf5 36. Ke3 Rd7 37. f4 Bh6 38. Ke2 Bxf4 39. d4 exd4 40. Rf1 d3+
41. Kd1 Be5 42. Rxf5+ Ke6 43. Rh5 Kd5 44. Kd2 Ke4 45. Ba5 Bf4+ 46. Kd1 Rg7 0-1